| 000 | 00950nam a22002417a 4500 | ||
|---|---|---|---|
| 010 | _aB-079747 | ||
| 020 |
_a8171163483 _c100.00 |
||
| 035 | _aB-079747 | ||
| 037 | _aCen Lib / Ret | ||
| 040 |
_aDPL _bPN |
||
| 082 |
_a613.7 _bਗੁਰਮੁ |
||
| 100 |
_aਗੁਰਮੁਖ ਸਿੰਘ _9133739 |
||
| 245 |
_aਸਿਹਤ ਲਣੀ ਯੋਗ / _cਗੁਰਮੁਖ ਸਿੰਘ |
||
| 246 |
_aSehat lai yog / _bGurmukh Singh |
||
| 260 |
_aਦਿੱਲੀ _bਨੈਸ਼ਨਲ਼ ਬੂਕ ਸ਼ਾਪ _c2003 |
||
| 270 |
_aਪਲਈਅਰ ਗਾਰਡਨ ਮਾਰਕਿਟ, ਚਾਂਦਨੀ ਚੋਕ ਦਿੱਲੀ _bਦਿੱਲੀ _e110006 |
||
| 300 |
_a142p ; _b24cm |
||
| 650 |
_aYoga. _9133740 |
||
| 650 |
_aਯੋਗਾ _9133741 |
||
| 650 |
_aਸਿਹਤ ਅਤੇ ਫਿਟਨੈਸ - ਯੋਗਾ. _9133742 |
||
| 650 |
_aHealth and Fitness -- Yoga _9133743 |
||
| 942 |
_2ddc _cPN _h613.7 _mਗੁਰਮੁ |
||
| 999 |
_c111170 _d111170 |
||